[Event "GER-chT U20"]
[Site "Magdeburg"]
[Date "2023.12.29"]
[Round "5.5"]
[White "Schulter, Moritz"]
[Black "Tulchynsky, Mark"]
[Result "1-0"]
[WhiteElo "1594"]
[BlackElo "1625"]
[PlyCount "47"]
[EventDate "2023.12.26"]
[EventType "team-swiss"]
[EventRounds "7"]
[EventCountry "GER"]
[SourceTitle "CB03_2024"]
[SourceDate "2024.01.17"]
[SourceVersion "1"]
[SourceVersionDate "2024.01.17"]
[SourceQuality "1"]
[WhiteTeam "Gera"]
[BlackTeam "Guettingen Rochade"]
[WhiteTeamCountry "GER"]
[BlackTeamCountry "GER"]

1. c4 e5 2. Nc3 f5 3. d4 exd4 4. Qxd4 Nc6 5. Qe3+ Be7 6. Nd5 d6 7. g3 Ne5 8. Bg2 c6 9. Nxe7 Qxe7 10. b3 Nf6 11. Bb2 0-0 12. Nh3 Nfg4 13. Qd2 Rd8 14. 0-0 Nf6 15. Rad1 Nf7 16. Nf4 Be6 17. Ba3 Rd7 18. Rfe1 Ne4 19. Qc2 Nf6 20. e4 fxe4 21. Bxe4 Ne5 22. Nxe6 Qxe6 23. f4 Nxe4 24. Qxe4 1-0

[Event "GER-chT U20"]
[Site "Muenster"]
[Date "2022.12.29"]
[Round "5"]
[White "Schulter, Moritz"]
[Black "Guelsen, Sinan Yilmaz"]
[Result "1-0"]
[WhiteElo "1584"]
[BlackElo "1147"]
[PlyCount "121"]
[EventDate "2022.12.26"]
[EventType "team-swiss"]
[EventRounds "7"]
[EventCountry "GER"]
[SourceTitle "CBM 212 Extra"]
[Source "ChessBase"]
[SourceDate "2023.03.31"]
[SourceVersion "1"]
[SourceVersionDate "2023.03.31"]
[SourceQuality "1"]
[WhiteTeam "Gera"]
[BlackTeam "Karlsruhe"]
[WhiteTeamCountry "GER"]
[BlackTeamCountry "GER"]

1. c4 g6 2. d4 Nf6 3. Nc3 Bg7 4. e4 d6 5. f4 c5 6. d5 0-0 7. h3 e6 8. Nf3 exd5 9. exd5 Re8+ 10. Be2 Qe7 11. 0-0 b5 12. cxb5 Nbd7 13. Re1 Nb6 14. Bd3 Qd7 15. f5 Rxe1+ 16. Qxe1 Bb7 17. fxg6 hxg6 18. Qh4 Nbxd5 19. Bh6 Ne7 20. Rf1 c4 21. Bxg7 Kxg7 22. Qxc4 Ned5 23. Qd4 Qe7 24. Ne4 Nf4 25. Nxf6 Qxf6 26. Qxf6+ Kxf6 27. Bc2 Ne6 28. Bb3 Ke7 29. Re1 Rb8 30. Nd4 d5 31. Nc6+ Bxc6 32. bxc6 Kd6 33. Rd1 Nc7 34. Rf1 f5 35. Rc1 Rb6 36. Kf2 Rxc6 37. Rxc6+ Kxc6 38. Kf3 Kc5 39. Kf4 d4 40. Kg5 Kd6 41. Kxg6 Ke5 42. h4 Ne6 43. h5 d3 44. h6 d2 45. h7 Nf8+ 46. Kg7 Nxh7 47. Kxh7 Ke4 48. Kg6 f4 49. Kg5 f3 50. gxf3+ Kxf3 51. Kf5 Ke2 52. Ke4 d1Q 53. Bxd1+ Kxd1 54. Kd3 Kc1 55. Kc3 Kb1 56. a4 Ka2 57. a5 a6 58. b4 Ka3 59. Kc4 Ka4 60. Kc5 Ka3 61. b5 1-0

[Event "GER-chT U12"]
[Site "Magdeburg"]
[Date "2015.12.27"]
[Round "2.3"]
[White "Muedder, Melanie"]
[Black "Schulter, Moritz"]
[Result "1-0"]
[WhiteElo "1535"]
[BlackElo "1220"]
[PlyCount "41"]
[EventDate "2015.12.27"]
[EventType "team-swiss"]
[EventRounds "7"]
[EventCountry "GER"]
[SourceTitle "EXT 2017"]
[Source "ChessBase"]
[SourceDate "2016.10.25"]
[SourceVersion "1"]
[SourceVersionDate "2016.10.25"]
[SourceQuality "1"]
[WhiteTeam "Rheydt"]
[BlackTeam "Gera"]
[WhiteTeamCountry "GER"]
[BlackTeamCountry "GER"]

1. e4 e5 2. Bc4 Nf6 3. d4 exd4 4. Nf3 Nxe4 5. Qxd4 Nf6 6. Nc3 Nc6 7. Qh4 Be7 8. Bg5 h6 9. 0-0 d5 10. Bd3 Be6 11. Rae1 Qd7 12. Bb5 0-0-0 13. Qa4 hxg5 14. Ne5 Qd6 15. Bxc6 Rdf8 16. Qxa7 Kd8 17. Qb8+ Bc8 18. Bxb7 Ke8 19. Qxc8+ Qd8 20. Bc6+ Nd7 21. Bxd7# 1-0